| 000 | 00778cab a22002055a 4500 | ||
|---|---|---|---|
| 001 | L155063 | ||
| 008 | 120223e20120216xxk 000 0 eng d | ||
| 035 | _a(Sirsi) u155063 | ||
| 041 | 0 | _aeng | |
| 100 | 1 | _aWilkinson, Geoff | |
| 245 | 0 | 0 | _aHow changes to Part A, C, and L of the Building Regulations will affect you |
| 260 | _c2011 | ||
| 490 |
_aArchitects' Journal _v235(6) 16 February 2012, 41(1) |
||
| 520 | _aDiscusses the consultation for changes to England's Building Regulations for 2013; the consultation is divided into 4 main parts: technical guidance, Part L, Part P and systemic changes; Structural Eurocodes, the Welsh Assembly. | ||
| 590 | _aKA | ||
| 651 | 4 |
_aEngland _y886- |
|
| 651 | 4 |
_aWales _y2007- |
|
| 690 |
_aBuilding regulations _96224 |
||
| 942 | _n0 | ||
| 999 |
_c83801 _d83801 |
||